Guía para realizar una consejería de enfermería para la promoción de estilos de vida activos y saludables en las personas (Registro nro. 2812)
[ vista simple ]
| 000 -Cabecera | |
|---|---|
| Campo de control de longitud fija | 00616aam a2200217 4500 |
| 005 - Fecha y hora de la última transacción | |
| Campo de control | 20241002193309.0 |
| 008 - Elementos de longitud fija--Información general | |
| Campo de control de longitud fija | 150612b2010 CR ||||| |||| 00| 0 spa d |
| 020 ## - International Standard Book Number | |
| Número Internacional Estándar del Libro (ISBN) | 9789968643030 |
| 041 ## - Idioma | |
| Código de idioma | Español |
| 082 ## - Clasificación Decimal Dewey | |
| Número de clasificación | 610.73 A284g |
| 100 ## - Entrada principal--Autor personal | |
| Nombre personal | Aguirre Vidaurre, Ernestina |
| 245 ## - Título propiamente dicho | |
| Título | Guía para realizar una consejería de enfermería para la promoción de estilos de vida activos y saludables en las personas |
| 260 ## - Pie de imprenta | |
| Lugar de publicación, distribución, etc. | Costa Rica |
| 260 ## - Pie de imprenta | |
| Nombre del editor, distribuidor, etc. | Atabal |
| 260 ## - Pie de imprenta | |
| Fecha de publicación, distribución, etc. | 2010 |
| 300 ## - Descripción física | |
| Extensión | 122 páginas |
| 650 ## - Materia general | |
| Temática (materia general) | ENFERMERÍA |
| 650 ## - Materia general | |
| Temática (materia general) | SALUD PÚBLICA |
| 650 ## - Materia general | |
| Temática (materia general) | CALIDAD DE VIDA |
| 942 ## - Punto de acceso adicional KOHA | |
| Tipo de ítem KOHA | Libro |
| Fuente del sistema de clasificación o colocación | Dewey Decimal Classification |
| Signatura completa | Código de barras | Tipo de ítem |
|---|---|---|
| 610.73 A284g | 16133 | Libro |